Normal view MARC view
  • Rampino, Michael R.

Entry Personal Name

Number of records used in: 1

001 - CONTROL NUMBER

  • control field: 573

003 - CONTROL NUMBER IDENTIFIER

  • control field: DLC

005 - DATE AND TIME OF LATEST TRANSACTION

  • control field: 20230817070201.0

008 - FIXED-LENGTH DATA ELEMENTS

  • fixed length control field: 850308n| azannaabn |a aaa c

010 ## - LIBRARY OF CONGRESS CONTROL NUMBER

  • LC control number: n 84032611

024 7# - OTHER STANDARD IDENTIFIER

  • Standard number or code: 0000000117611949
  • Source: isni
  • Real World Object URI: http://isni.org/isni/0000000117611949

024 7# - OTHER STANDARD IDENTIFIER

  • Standard number or code: 0000-0003-1683-1135
  • Source: orcid
  • Real World Object URI: https://orcid.org/0000-0003-1683-1135

024 7# - OTHER STANDARD IDENTIFIER

  • Standard number or code: 45695248
  • Source: viaf
  • Real World Object URI: http://viaf.org/viaf/45695248

024 7# - OTHER STANDARD IDENTIFIER

  • Standard number or code: Q54954549
  • Source: wikidata
  • Real World Object URI: http://www.wikidata.org/entity/Q54954549

035 ## - SYSTEM CONTROL NUMBER

  • System control number: (OCoLC)oca01288527

040 ## - CATALOGING SOURCE

  • Original cataloging agency: DGPO
  • Language of cataloging: eng
  • Description conventions: rda
  • Transcribing agency: DLC
  • Modifying agency: DLC
  • Modifying agency: NNU

046 ## - SPECIAL CODED DATES

  • Birth date: 1948-02-08
  • Source of date scheme: edtf

100 1# - HEADING--PERSONAL NAME

  • Personal name: Rampino, Michael R.

370 ## - ASSOCIATED PLACE

  • Other associated place: New York (N.Y.)
  • Source of term: naf

373 ## - ASSOCIATED GROUP

  • Associated group: New York University
  • Source of term: naf
  • Start period: 1985

373 ## - ASSOCIATED GROUP

  • Associated group: Goddard Institute for Space Studies
  • Source of term: naf

374 ## - OCCUPATION

  • Occupation: University and college faculty members
  • Source of term: lcdgt

374 ## - OCCUPATION

  • Occupation: Biologists
  • Source of term: lcsh

377 ## - ASSOCIATED LANGUAGE

  • Language code: eng

378 ## - FULLER FORM OF PERSONAL NAME

  • Fuller form of personal name: Michael Robert

400 1# - SEE FROM TRACING--PERSONAL NAME

  • Personal name: Rampino, M. R.
  • Fuller form of name: (Michael Robert),
  • Dates associated with a name: 1948-

400 1# - SEE FROM TRACING--PERSONAL NAME

  • Personal name: Rampino, Michael,
  • Dates associated with a name: 1948-

670 ## - SOURCE DATA FOUND

  • Source citation: His Geological rhythms and cometary impacts, 1984:
  • Information found: t.p. (Michael R. Rampino, NASA, Goddard Space Flight Ctr., Inst. for Space Studies, New York, NY)

670 ## - SOURCE DATA FOUND

  • Source citation: Climate, history, periodicity, and predictability, c1987:
  • Information found: CIP t.p. (Michael R. Rampino) data sheet (b. 2/8/48)

670 ## - SOURCE DATA FOUND

  • Source citation: New York University website, 11 Feb. 2022:
  • Information found: Department of Biology faculty page (Michael Rampino; research/interests: Earth history, Evolution, Causes of mass extinctions, Volcanology; I am also a Research Consultant at NASA, Goddard Institute for Space Studies; name abbreviated in some citation databases as M.R. Rampino)
  • Uniform Resource Identifier: https://as.nyu.edu/content/nyu-as/as/departments/biology/people/faculty.html

670 ## - SOURCE DATA FOUND

  • Source citation: Email correspondence, 2 June 2021
  • Information found: (my full name is Michael Robert Rampino, born 8 Feb. 1948)